header

War and peace (Record no. 119894)

MARC details
000 -LEADER
fixed length control field 02270nam a2200421 a 4500
082 04 - DEWEY DECIMAL CLASSIFICATION NUMBER
Classification number 809/.933581
245 00 - TITLE STATEMENT
Title War and peace
260 ## - PUBLICATION, DISTRIBUTION, ETC. (IMPRINT)
Place of publication Berlin ;
-- Boston :
Name of publisher De Gruyter,
Year of publication c2011.
300 ## - PHYSICAL DESCRIPTION
Number of Pages viii, 647 p. :
Other physical details ill.
490 1# - SERIES STATEMENT
Series statement Fundamentals of medieval and early modern culture ;
505 0# - FORMATTED CONTENTS NOTE
Formatted contents note Theoretical and historical reflections -- Literary case studies -- Criticism of war in medieval literature -- Historical voices against war and pragmatic aspects of war -- Attempts to establish peace and to reach out for toleration or tolerance -- Severe criticism of war -- Philosophical reflections upon war -- Research on war and peace in the middle ages and the early modern time -- Intellectuals' protest of and analysis of war -- Critical summaries of the contributions.
650 #0 - SUBJECT ADDED ENTRY--TOPICAL TERM
Topical Term Literature, Medieval
Topical Term Literature, Modern
Topical Term War in literature.
Topical Term War and literature.
Topical Term Civilization, Medieval.
Topical Term Literature, Modern
Topical Term Literature, Modern
700 1# - ADDED ENTRY--PERSONAL NAME
Personal name Classen, Albrecht.
Personal name Margolis, Nadia,
856 40 - ELECTRONIC LOCATION AND ACCESS
Uniform Resource Identifier http://site.ebrary.com/lib/rucke/Doc?id=10512178

No items available.

© 2026 Rongo University
Contact us: librarian | system librarian | Rongo university